000 01826cam a2200505 a 4500
001 81963
005 20230410142342.0
008 060421s2005 po b 000 0 por d
010 _a 2006383612
035 _a(OCoLC)ocm63701933
040 _aPL#
_cPL#
_dDLC
_dGUA
_dOCLCQ
020 _a9726711622
020 _a9789726711629
029 1 _aPL#
_b060000470
029 1 _aAU@
_b000041637435
035 _a(OCoLC)63701933
042 _alccopycat
043 _ae-po---
050 1 4 _aBX 1555
_bS237i 2005
082 0 0 _a278.1
049 _aGRAL
100 1 _aSantos, Paula Borges,
_d1976-
245 1 0 _aIgreja Católica, estado e sociedade, 1968-1975 :
_bo caso Radio Renascenca /
_cPaula Borges Santos.
250 _a1.a edicao.
260 _aLisboa :
_bImprensa de Ciencias Sociais,
_c2005.
300 _a269 p. ;
_c23 cm.
500 _aOriginally presented as the author's thesis (Mestrado em Historia, Universidade Nova de Lisboa, 2003).
504 _aIncludes bibliographical references (p. 253-269).
610 2 0 _aCatholic Church
_zPortugal
_xHistory
_y20th century.
650 0 _aPortugal
_xHistory
_yRevolution, 1974.
650 0 _aChurch and state
_zPortugal
_xHistory
_y20th century.
650 0 _aChurch and state
_xCatholic Church
_xHistory
_y20th century.
610 2 0 _aRádio Renascenca (Portugal)
653 _aHistaoria
_aPortugal
_aRevolucao
_a1974-1975.
653 _aHistaoria de Portugal
_aIgreja Católica
_aEstado
_a1974-1975.
653 _aPortugal
_aIgreja Católica
_aSociedade
_aEstado
_aSâec. 20.
650 4 _aRadio y religión.
650 4 _aMedios de comunicación de masas.
650 4 _aComunicación (Teología)
650 4 _aRadio
_xDocumentos pontificios.
938 _aPuvill Libros
_bPUVL
_n9726711622
_c$32.35
942 _2lcc
_cbk
994 _aC0
_bDRFGD
946 _ash
999 _c94114
_d94114